Hazbin Hotel Don't You Forget (Polish Cover) lyrics - Statystyki

Ogólne statystyki
  • Ten quiz został rozwiązany 6 razy
  • Średni wynik to 52 z 196
Statystyki odpowiedzi
Hint Odpowiedź % Poprawnych
Vox: Czy
80%
a
60%
I
60%
i
60%
myślisz,
60%
z
60%
za
60%
że
60%
al!
40%
al
40%
dni
40%
kpiny
40%
mi
40%
mnie
40%
na
40%
nadal
40%
nie
40%
płacz?
40%
skrywam
40%
tamte
40%
twe
40%
ty
40%
Vox: u
40%
w
40%
we
40%
wywołają
40%
żal
40%
atencji
20%
bawić
20%
będziesz
20%
bezbronny,
20%
boję
20%
brzmi
20%
Vox: brzmisz
20%
by
20%
być
20%
był
20%
Alastor: bzika
20%
całkiem
20%
chce
20%
chciał
20%
chociarz
20%
ci
20%
cię,
20%
ciebie
20%
czcić
20%
dla
20%
drwią
20%
dziś
20%
ego
20%
gdy
20%
gdzieś
20%
grać
20%
Alastor: idzie
20%
jak
20%
jakbyś
20%
jest
20%
jestem
20%
jesteś
20%
jeszcze
20%
już
20%
kiedyś
20%
lepszy
20%
mądry,
20%
mam
20%
marne
20%
masz
20%
media
20%
mej
20%
miałem
20%
mogę
20%
mój
20%
możesz
20%
musi
20%
musisz
20%
mym
20%
nas
20%
nic
20%
niepoważnie
20%
Vox: niestety,
20%
nikt
20%
Vox: och
20%
oczy,
20%
Od
20%
odbije
20%
ode
20%
odejść
20%
otwórz
20%
pamiętaj,
20%
Alastor: Pamiętaj,
20%
panem
20%
patrzeć
20%
plan
20%
początku
20%
póki
20%
potężny
20%
potrzebujesz
20%
przesrane
20%
przynajmniej
20%
punkcie
20%
radiu
20%
ranny,
20%
różni
20%
sądząc
20%
show
20%
się
20%
skończe
20%
Alastor: skoro
20%
słuchać
20%
smycz
20%
sny
20%
spełnię
20%
sprytny,
20%
szarpać
20%
szczęście
20%
szczycie
20%
tak
20%
teraz
20%
to
20%
to,
20%
tobą
20%
totalnie
20%
trwać
20%
trzymam
20%
twą
20%
twym
20%
tym
20%
vees
20%
więc
20%
więkrzy
20%
wkrótcę
20%
wpływ
20%
wrzystko
20%
wskórasz
20%
wzlot
20%
zabiłem
20%
zaczyna
20%
zamknąć?
20%
zanim
20%
zapłacisz
20%
zdolny,
20%
złamany,
20%
źle
20%
znaczysz
20%
zniweczyć?
20%
znów
20%
związany
20%
dodatku
0%
łasce
0%
Vox: Mógłbyś
0%
skazę
0%
wiedz,
0%
wierzgać,
0%
Nie znaleziono quizów pasujących do podanych kryteriów
Rozkład punktacji
Procent ludzi z każdym wynikiem
Percentyl według liczby udzielonych odpowiedzi
Twoja historia wyników
Nie rozwiązałeś tego quizu